Letectví + kosmonautika český a slovenský populárně-odborný časopis
| Previous Title: | Křídla vlasti |
|---|---|
| Other Authors: | |
| Format: | Journal |
| Language: | Czech Slovak |
| PhysicalDescription: | zv. 35 cm |
| Published: |
Praha
Vydavatelství časopisů MNO
1965-
Praha Magnet Praha Naše vojsko Praha Magnet-Press Praha Aeromedia Bratislava Magnet Press, Slovakia |
| ISSN: | 0024-1156 |
| Subjects: | |
| Online Access: | www.letectvi.cz |
MARC
| LEADER | 00000cas a2200000 a 4500 | ||
|---|---|---|---|
| 001 | vtls008880256 | ||
| 003 | SK-MaSNL | ||
| 005 | 20260512160929.0 | ||
| 008 | 160624c19659999xo mr|p 0 1 b0cze | ||
| 022 | |a 0024-1156 | ||
| 035 | |a (SVKBB03)vtls000030981 | ||
| 040 | |a SVKBB |b slo |c SVKBB |d SNK |e AACR2 | ||
| 041 | 0 | |a cze |a slo | |
| 072 | 7 | |a 629 |x Dopravné prostriedky |2 konspekt | |
| 072 | 7 | |a 656.6/.7 |x Vodná a letecká doprava |2 konspekt | |
| 080 | |a 629.78 |2 2001 | ||
| 080 | |a (051)-027.561 |2 2011 | ||
| 080 | |a 050 |2 2011 | ||
| 080 | |a 629.7 |2 2011 | ||
| 080 | |a 656.7 |2 2011 | ||
| 210 | 0 | |a Letec.+kosmonaut. | |
| 222 | 0 | |a Letectví+kosmonautika | |
| 245 | 0 | 0 | |a Letectví + kosmonautika |b český a slovenský populárně-odborný časopis |
| 246 | 1 | 3 | |a LK |
| 247 | 0 | 1 | |a Letectví a kosmonautika |b čtrnáctideník Svazarmu. |f 1965-1992 |
| 247 | 0 | 1 | |a Letectví a kosmonautika |b nezávislý populárně odborný čtrnáctideník. |f 1993-1998 |
| 260 | |a Praha |b Vydavatelství časopisů MNO |c 1965- | ||
| 260 | 2 | |3 1970-1978 |a Praha |b Magnet | |
| 260 | 2 | |3 1979-1992 |a Praha |b Naše vojsko | |
| 260 | 2 | |3 1993-14/1997 |a Praha |b Magnet-Press | |
| 260 | 2 | |3 15/1997-2014 |a Praha |b Aeromedia | |
| 260 | 3 | |3 2015- |a Bratislava |b Magnet Press, Slovakia | |
| 300 | |a zv. |c 35 cm | ||
| 310 | |a 1x mesačne |b 2004- | ||
| 321 | |a 2x týždenne |b 1965-2003 | ||
| 500 | |a Šéfredaktor: 19??- , Jan Čadil | ||
| 500 | |a Evidenčné č. MK SR: EV 5061/14 | ||
| 546 | |a Čiast. text v slov. | ||
| 550 | |a 1965-1969 vydáva Svaz pro spolupráci s armádou vo Vydavatelství MNO | ||
| 550 | |a 1970-1974 vydáva Federální výbor Svazarmu | ||
| 550 | |a 1975-1992 vydáva Ústřední výbor Svazarmu | ||
| 550 | |a Od r. 2015 vydáva Magnet Press Slovakia, Bratislava v licencii Aeromedia, Praha | ||
| 650 | 0 | 7 | |a letectvo |2 SNKPH |9 23632 |
| 650 | 0 | 7 | |a letecká doprava |2 SNKPH |9 50044 |
| 650 | 0 | 7 | |a kozmonautika |2 SNKPH |9 23272 |
| 650 | 0 | 7 | |a Aviation |2 SNKPHeng |9 265900 |
| 650 | 0 | 7 | |a Air transportation |2 SNKPHeng |9 268187 |
| 650 | 0 | 7 | |a Astronautics |2 SNKPHeng |9 270683 |
| 655 | 7 | |a odborné časopisy |2 SNKPH |9 70505 | |
| 655 | 7 | |a Professional journals |2 SNKPHeng |9 265007 | |
| 700 | 1 | |a Čadil, Jan |4 pbd |9 270684 | |
| 710 | 2 | |a Svaz pro spolupráci s armádou (Praha, Česko) |4 pbl |9 270681 | |
| 710 | 2 | |a Svazarm. |b Federální výbor (Praha, Česko) |4 pbl |9 270685 | |
| 710 | 2 | |a Svazarm (Praha, Česko). |b Ústřední výbor |4 pbl |9 270682 | |
| 780 | 0 | 0 | |t Křídla vlasti |
| 852 | |a Štátna vedecká knižnica v Banskej Bystrici | ||
| 856 | 4 | 1 | |u www.letectvi.cz |
| 910 | |a snk | ||
| 910 | |a svkbb | ||
| 999 | |c 7348 |d 9278 | ||
| 952 | |t č. 1-6 |a SNK |b SNK |y NEVYP |7 1 |p 17A1433211 |o snkČB 1433/95/2019/1 |i snk2020/22498 |8 0 |0 0 |1 0 |4 0 |d 2020-12-11 |l 0 |r 2026-02-21 19:24:48 |w 2026-02-21 | ||
| 952 | |t č. 7-12 |a SNK |b SNK |y NEVYP |7 1 |p 17A1433210 |o snkČB 1433/95/2019/2 |i snk2020/22499 |8 0 |0 0 |1 0 |4 0 |d 2020-12-11 |l 0 |r 2026-02-21 19:24:48 |w 2026-02-21 | ||
| 952 | |t č. 1-6 |a SNK |b SNK |y PREZ |7 0 |p 17A1096873 |o snkČB 1433/89/2013/1 |i snk2015/22654 |8 4 |0 0 |1 0 |4 0 |d 2015-07-23 |l 0 |r 2026-02-21 19:35:33 |w 2026-02-21 | ||
| 952 | |t č. 7-12 |a SNK |b SNK |y PREZ |7 0 |p 17A1096874 |o snkČB 1433/89/2013/2 |i snk2015/22662 |8 4 |0 0 |1 0 |4 0 |d 2015-07-23 |l 0 |r 2026-02-21 19:35:33 |w 2026-02-21 | ||
| 952 | |t č. 1-26 |a SNK |b SNK |y PREZ |7 0 |p 17A0238240 |o snkČB 1433/48/1972 |0 0 |1 1 |4 0 |d 2000-05-03 |l 0 |r 2005-01-02 00:00:00 |w 2026-02-21 | ||
| 952 | |t č. 1-26 |a SNK |b SNK |y PREZ |7 0 |p 17A0337487 |o snkČB 1433/46/1970 |0 0 |1 1 |4 0 |d 2002-03-19 |l 0 |r 2005-01-02 00:00:00 |w 2026-02-21 | ||
| 952 | |t č. 1-26 |a SNK |b SNK |y PREZ |7 0 |p 17A0337488 |o snkČB 1433/47/1971 |0 0 |1 1 |4 0 |d 2002-03-19 |l 0 |r 2005-01-02 00:00:00 |w 2026-02-21 | ||
| 952 | |t č. 1-13 |a SNK |b SNK |y PREZ |7 0 |p 17A0337608 |o snkČB 1433/49/1973/1 |0 0 |1 1 |4 0 |d 2002-03-19 |l 0 |r 2005-01-02 00:00:00 |w 2026-02-21 | ||
| 952 | |t č. 14-26 |a SNK |b SNK |y PREZ |7 0 |p 17A0337462 |o snkČB 1433/49/1973/2 |0 0 |1 1 |4 0 |d 2002-03-19 |l 0 |r 2005-01-02 00:00:00 |w 2026-02-21 | ||
| 952 | |t č. 1-6 |a SNK |b SNK |y PREZ |7 0 |p 17A0635849 |o snkČB 1433/84/2008/1 |i snk2010/11930 |8 4 |0 0 |1 1 |4 0 |d 2010-06-02 |l 0 |r 2026-02-21 19:43:20 |w 2026-02-21 | ||
| 952 | |t č. 7-12 |a SNK |b SNK |y PREZ |7 0 |p 17A0635850 |o snkČB 1433/84/2008/2 |i snk2010/11931 |8 4 |0 0 |1 1 |4 0 |d 2010-06-02 |l 0 |r 2026-02-21 19:43:20 |w 2026-02-21 | ||
| 952 | |t č. 1-6 |a SNK |b SNK |y NEVYP |7 1 |p 17A1522002 |o snkČB 1433/96/2020/1 |i snk2023/16837 |8 0 |0 0 |1 0 |4 0 |d 2023-11-21 |l 0 |r 2026-02-21 19:51:24 |w 2026-02-21 | ||
| 952 | |t č. 7-12 |a SNK |b SNK |y NEVYP |7 1 |p 17A1522003 |o snkČB 1433/96/2020/2 |i snk2023/16843 |8 0 |0 0 |1 0 |4 0 |d 2023-11-21 |l 0 |r 2026-02-21 19:51:24 |w 2026-02-21 | ||
| 952 | |t č. 1-6 |a SNK |b SNK |y NEVYP |7 1 |p 17A1522004 |o snkČB 1433/97/2021/1 |i snk2023/16869 |8 0 |0 0 |1 0 |4 0 |d 2023-11-21 |l 0 |r 2026-02-21 19:51:24 |w 2026-02-21 | ||
| 952 | |t č. 7-12 |a SNK |b SNK |y NEVYP |7 1 |p 17A1522005 |o snkČB 1433/97/2021/2 |i snk2023/16871 |8 0 |0 0 |1 0 |4 0 |d 2023-11-21 |l 0 |r 2026-02-21 19:51:24 |w 2026-02-21 | ||
| 952 | |t č. 1-6 |a SNK |b SNK |y NEVYP |7 1 |p 17A1522006 |o snkČB 1433/98/2022/1 |i snk2023/16872 |8 0 |0 0 |1 0 |4 0 |d 2023-11-21 |l 0 |r 2026-02-21 19:51:24 |w 2026-02-21 | ||
| 952 | |t č. 7-12 |a SNK |b SNK |y NEVYP |7 1 |p 17A1522007 |o snkČB 1433/98/2022/2 |i snk2023/16873 |8 0 |0 0 |1 0 |4 0 |d 2023-11-21 |l 0 |r 2026-02-21 19:51:24 |w 2026-02-21 | ||
| 952 | |t č. 1-6 |a SNK |b SNK |y PREZ |7 0 |p 17A0679139 |o snkČB 1433/85/2009/1 |i snk2011/6924 |8 4 |0 0 |1 1 |4 0 |d 2011-03-25 |l 0 |r 2026-02-21 19:56:55 |w 2026-02-21 | ||
| 952 | |t č. 7-12 |a SNK |b SNK |y PREZ |7 0 |p 17A0679140 |o snkČB 1433/85/2009/2 |i snk2011/6925 |8 4 |0 0 |1 1 |4 0 |d 2011-03-25 |l 0 |r 2026-02-21 19:56:55 |w 2026-02-21 | ||
| 952 | |t č. 1-6 |a SNK |b SNK |y NEVYP |7 1 |p 17A1522891 |o snkČB 1433/96/2020/1 D1 |i snk2024/5152 |8 0 |0 0 |1 0 |4 0 |d 2024-03-27 |l 0 |r 2026-02-21 19:57:51 |w 2026-02-21 | ||
| 952 | |t č. 7-12 |a SNK |b SNK |y NEVYP |7 1 |p 17A1522892 |o snkČB 1433/96/2020/2 D1 |i snk2024/5156 |8 0 |0 0 |1 0 |4 0 |d 2024-03-27 |l 0 |r 2026-02-21 19:57:51 |w 2026-02-21 | ||
| 952 | |t č. 1-6 |a SNK |b SNK |y NEVYP |7 1 |p 17A1522893 |o snkČB 1433/97/2021/1 D1 |i snk2024/5157 |8 0 |0 0 |1 0 |4 0 |d 2024-03-27 |l 0 |r 2026-02-21 19:57:51 |w 2026-02-21 | ||
| 952 | |t č. 7-12 |a SNK |b SNK |y NEVYP |7 1 |p 17A1522894 |o snkČB 1433/97/2021/2 D1 |i snk2024/5158 |8 0 |0 0 |1 0 |4 0 |d 2024-03-27 |l 0 |r 2026-02-21 19:57:51 |w 2026-02-21 | ||
| 952 | |t č. 1-6 |a SNK |b SNK |y NEVYP |7 1 |p 17A1522895 |o snkČB 1433/99/2023/1 |i snk2024/5160 |8 0 |0 0 |1 0 |4 0 |d 2024-03-27 |l 0 |r 2026-02-21 19:57:51 |w 2026-02-21 | ||
| 952 | |t č. 7-12 |a SNK |b SNK |y NEVYP |7 1 |p 17A1522896 |o snkČB 1433/99/2023/2 |i snk2024/5161 |8 0 |0 0 |1 0 |4 0 |d 2024-03-27 |l 0 |r 2026-02-21 19:57:52 |w 2026-02-21 | ||
| 952 | |t č. 1-6 |a SNK |b SNK |y NEVYP |7 1 |p 17A1463778 |o snkČB 1433/95/2019/1 D1 |i snk2022/12976 |8 0 |0 0 |1 0 |4 0 |d 2022-08-24 |l 0 |r 2026-02-21 20:00:56 |w 2026-02-21 | ||
| 952 | |t č. 7-12 |a SNK |b SNK |y NEVYP |7 1 |p 17A1463779 |o snkČB 1433/95/2019/2 D1 |i snk2022/12978 |8 0 |0 0 |1 0 |4 0 |d 2022-08-24 |l 0 |r 2026-02-21 20:00:56 |w 2026-02-21 | ||
| 952 | |t č. 14-26 |a SNK |b SNK |y PREZ |7 0 |p 17A0178322 |o snkČB 1433/64/1988/2 |0 0 |1 1 |4 0 |d 1999-02-03 |l 0 |r 2005-01-02 00:00:00 |w 2026-02-21 | ||
| 952 | |t č. 1-26 |a SNK |b SNK |y PREZ |7 0 |p 17A0180194 |o snkČB 1433/55/1979 |0 0 |1 1 |4 0 |d 1999-02-17 |l 0 |r 2005-01-02 00:00:00 |w 2026-02-21 | ||
| 952 | |t č. 14-26 |a SNK |b SNK |y PREZ |7 0 |p 17A0178001 |o snkČB 1433/63/1987/2 |0 0 |1 1 |4 0 |d 1999-02-03 |l 0 |r 2005-01-02 00:00:00 |w 2026-02-21 | ||
| 952 | |t č. 1-6 |a SNK |b SNK |y NEVYP |7 1 |p 17A1523957 |o snkČB 1433/98/2022/1 D1 |i snk2024/14497 |8 0 |0 0 |1 0 |4 0 |d 2024-09-20 |l 0 |r 2026-02-21 20:09:35 |w 2026-02-21 | ||
| 952 | |t č. 7-12 |a SNK |b SNK |y NEVYP |7 1 |p 17A1523958 |o snkČB 1433/98/2022/2 D1 |i snk2024/14500 |8 0 |0 0 |1 0 |4 0 |d 2024-09-20 |l 0 |r 2026-02-21 20:09:35 |w 2026-02-21 | ||
| 952 | |t č. 1-6 |a SNK |b SNK |y NEVYP |7 1 |p 17A1558123 |o snkČB 1433/99/2023/1 D1 |i snk2025/17308 |8 0 |0 0 |1 0 |4 0 |d 2025-10-28 |l 0 |r 2026-02-21 20:09:50 |w 2026-02-21 | ||
| 952 | |t č. 7-12 |a SNK |b SNK |y NEVYP |7 1 |p 17A1558124 |o snkČB 1433/99/2023/2 D1 |i snk2025/17313 |8 0 |0 0 |1 0 |4 0 |d 2025-10-28 |l 0 |r 2026-02-21 20:09:50 |w 2026-02-21 | ||
| 952 | |t č. 1-12 |a SNK |b SNK |y PREZ |7 0 |p 17A0556342 |o snkČB 1433/80/2004 |i snk2007/25182 |8 4 |0 0 |1 1 |4 0 |d 2007-11-19 |l 0 |r 2026-02-21 20:21:12 |w 2026-02-21 | ||
| 952 | |t č. 1-12 |a SNK |b SNK |y PREZ |7 0 |p 17A0556343 |o snkČB 1433/81/2005 |i snk2007/25185 |8 4 |0 0 |1 1 |4 0 |d 2007-11-19 |l 0 |r 2026-02-21 20:21:12 |w 2026-02-21 | ||
| 952 | |t č. 1-26 |a SNK |b SNK |y PREZ |7 0 |p 17A0082948 |o snkČB 1433/1965 |0 0 |1 0 |4 0 |d 1997-07-17 |l 0 |r 2005-01-02 00:00:00 |w 2026-02-21 | ||
| 952 | |t č. 1-26 |a SNK |b SNK |y PREZ |7 0 |p 17A0082683 |o snkČB 1433/1966 |0 0 |1 0 |4 0 |d 1997-07-17 |l 0 |r 2005-01-02 00:00:00 |w 2026-02-21 | ||
| 952 | |t č. 1-6 |a SNK |b SNK |y PREZ |7 0 |p 17A0868957 |o snkČB 1433/87/2011/1 |i snk2013/9581 |8 4 |0 0 |1 1 |4 0 |d 2013-04-25 |l 0 |r 2026-02-21 20:31:08 |w 2026-02-21 | ||
| 952 | |t č. 7-12 |a SNK |b SNK |y PREZ |7 0 |p 17A0868958 |o snkČB 1433/87/2011/2 |i snk2013/9584 |8 4 |0 0 |1 1 |4 0 |d 2013-04-25 |l 0 |r 2026-02-21 20:31:08 |w 2026-02-21 | ||
| 952 | |t č. 1-6 |a SNK |b SNK |y PREZ |7 0 |p 17A0719131 |o snkČB 1433/86/2010/1 |i snk2012/1048 |8 4 |0 0 |1 1 |4 0 |d 2012-01-16 |l 0 |r 2026-02-21 20:40:17 |w 2026-02-21 | ||
| 952 | |t č. 7-12 + obsah v č. 12 |a SNK |b SNK |y PREZ |7 0 |p 17A0719132 |o snkČB 1433/86/2010/2 |i snk2012/1052 |8 4 |0 0 |1 1 |4 0 |d 2012-01-16 |l 0 |r 2026-02-21 20:40:17 |w 2026-02-21 | ||
| 952 | |t č. 1-6 |a SNK |b SNK |y PREZ |7 0 |p 17A0574874 |o snkČB 1433/82/2006/1 |i snk2008/7861 |8 4 |0 0 |1 1 |4 0 |d 2008-04-07 |l 0 |r 2026-02-21 21:01:16 |w 2026-02-21 | ||
| 952 | |t č. 7-12 |a SNK |b SNK |y PREZ |7 0 |p 17A0574877 |o snkČB 1433/82/2006/2 |i snk2008/7862 |8 4 |0 0 |1 1 |4 0 |d 2008-04-07 |l 0 |r 2026-02-21 21:01:16 |w 2026-02-21 | ||
| 952 | |t č. 1-6 |a SNK |b SNK |y PREZ |7 0 |p 17A0574878 |o snkČB 1433/83/2007/1 |i snk2008/7863 |8 4 |0 0 |1 1 |4 0 |d 2008-04-07 |l 0 |r 2026-02-21 21:01:16 |w 2026-02-21 | ||
| 952 | |t č. 7-12 |a SNK |b SNK |y PREZ |7 0 |p 17A0574879 |o snkČB 1433/83/2007/2 |i snk2008/7864 |8 4 |0 0 |1 1 |4 0 |d 2008-04-07 |l 0 |r 2026-02-21 21:01:16 |w 2026-02-21 | ||
| 952 | |t č. 1-26 |a SNK |b SNK |y PREZ |7 0 |p 17A0178200 |o snkČB 1433/56/1980 |0 0 |1 1 |4 0 |d 1999-02-01 |l 0 |r 2005-01-02 00:00:00 |w 2026-02-21 | ||
| 952 | |t č. 1-13 |a SNK |b SNK |y PREZ |7 0 |p 17A0178152 |o snkČB 1433/64/1988/1 |0 0 |1 1 |4 0 |d 1999-02-03 |l 0 |r 2005-01-02 00:00:00 |w 2026-02-21 | ||
| 952 | |t č. 1-13 |a SNK |b SNK |y PREZ |7 0 |p 17A0178002 |o snkČB 1433/63/1987/1 |0 0 |1 1 |4 0 |d 1999-02-03 |l 0 |r 2005-01-02 00:00:00 |w 2026-02-21 | ||
| 952 | |t č. 1-26 |a SNK |b SNK |y PREZ |7 0 |p 17A0180100 |o snkČB 1433/52/1976 |0 0 |1 1 |4 0 |d 1999-02-17 |l 0 |r 2005-01-02 00:00:00 |w 2026-02-21 | ||
| 952 | |t č. 14-26 |a SNK |b SNK |y PREZ |7 0 |p 17A0186166 |o snkČB 1433/60/1984/2 |i snkČIP 214/85 |0 0 |1 0 |4 0 |d 1999-03-30 |l 0 |r 2005-01-02 00:00:00 |w 2026-02-21 | ||
| 952 | |t č. 1-13 |a SNK |b SNK |y PREZ |7 0 |p 17A0186283 |o snkČB 1433/60/1984/1 |i snkČIP 213/85 |0 0 |1 0 |4 0 |d 1999-03-30 |l 0 |r 2005-01-02 00:00:00 |w 2026-02-21 | ||
| 952 | |t č. 14-26 |a SNK |b SNK |y PREZ |7 0 |p 17A0188307 |o snkČB 1433/57/1981/2 |0 0 |1 1 |4 0 |d 1999-04-01 |l 0 |r 2005-01-02 00:00:00 |w 2026-02-21 | ||
| 952 | |t č. 1-12 |a SNK |b SNK |y PREZ |7 0 |p 17A0188308 |o snkČB 1433/57/1981/1 |0 0 |1 1 |4 0 |d 1999-04-01 |l 0 |r 2005-01-02 00:00:00 |w 2026-02-21 | ||
| 952 | |t č. 1-6 |a SNK |b SNK |y PREZ |7 0 |p 17A0869736 |o snkČB 1433/88/2012/1 |i snk2014/16548 |8 4 |0 0 |1 0 |4 0 |d 2014-08-04 |l 0 |r 2026-02-21 21:33:00 |w 2026-02-21 | ||
| 952 | |t č. 7-12 |a SNK |b SNK |y PREZ |7 0 |p 17A0869737 |o snkČB 1433/88/2012/2 |i snk2014/16549 |8 4 |0 0 |1 0 |4 0 |d 2014-08-04 |l 0 |r 2026-02-21 21:33:00 |w 2026-02-21 | ||
| 952 | |t č. 1-13 |a SNK |b SNK |y PREZ |7 0 |p 17A0034134 |o snkČB 1433/50/1974/1 |0 0 |1 1 |4 0 |d 1997-01-27 |l 0 |r 2005-01-01 00:00:00 |w 2026-02-21 | ||
| 952 | |t č. 14-26 |a SNK |b SNK |y PREZ |7 0 |p 17A0034116 |o snkČB 1433/50/1974/2 |0 0 |1 1 |4 0 |d 1997-01-27 |l 0 |r 2005-01-01 00:00:00 |w 2026-02-21 | ||
| 952 | |t č. 1-26 |a SNK |b SNK |y PREZ |7 0 |p 17A0033743 |o snkČB 1433/44/1968 |i snkČIP 1246/69 |0 0 |1 0 |4 0 |d 1997-01-29 |l 0 |r 2005-01-02 00:00:00 |w 2026-02-21 | ||
| 952 | |t č. 1-26 |a SNK |b SNK |y PREZ |7 0 |p 17A0031591 |o snkČB 1433/45/1969 |i snkČIP 343/71 |0 0 |1 0 |4 0 |d 1997-01-23 |l 0 |r 2005-01-01 00:00:00 |w 2026-02-21 | ||
| 952 | |t č. 14-26 |a SNK |b SNK |y PREZ |7 0 |p 17A0196202 |o snkČB 1433/66/1990/2 |0 0 |1 1 |4 0 |d 1999-06-22 |l 0 |r 2005-01-02 00:00:00 |w 2026-02-21 | ||
| 952 | |t č. 1-13 |a SNK |b SNK |y PREZ |7 0 |p 17A0196228 |o snkČB 1433/66/1990/1 |0 0 |1 1 |4 0 |d 1999-06-22 |l 0 |r 2005-01-02 00:00:00 |w 2026-02-21 | ||
| 952 | |t č. 14-26 |a SNK |b SNK |y PREZ |7 0 |p 17A0196576 |o snkČB 1433/65/1989/2 |0 0 |1 1 |4 0 |d 1999-06-22 |l 0 |r 2005-01-02 00:00:00 |w 2026-02-21 | ||
| 952 | |t č. 1-13 |a SNK |b SNK |y PREZ |7 0 |p 17A0196673 |o snkČB 1433/65/1989/1 |0 0 |1 1 |4 0 |d 1999-06-22 |l 0 |r 2005-01-02 00:00:00 |w 2026-02-21 | ||
| 952 | |t č. 1-26 |a SNK |b SNK |y PREZ |7 0 |p 17A0199684 |o snkČB 1433/54/1978 |0 0 |1 1 |4 0 |d 1999-06-28 |l 0 |r 2005-01-02 00:00:00 |w 2026-02-21 | ||
| 952 | |t č. 1-26 |a SNK |b SNK |y PREZ |7 0 |p 17A0199509 |o snkČB 1433/53/1977 |0 0 |1 1 |4 0 |d 1999-06-28 |l 0 |r 2005-01-02 00:00:00 |w 2026-02-21 | ||
| 952 | |t č. 1-13 |a SNK |b SNK |y PREZ |7 0 |p 17A0199437 |o snkČB 1433/51/1975/1 |0 0 |1 1 |4 0 |d 1999-06-28 |l 0 |r 2005-01-02 00:00:00 |w 2026-02-21 | ||
| 952 | |a SNK |b SNK |y PREZ |7 0 |p 17A0199436 |o snkČB 1433/51/1975 /príloha |0 0 |1 1 |4 0 |d 1999-06-28 |l 0 |r 2005-01-02 00:00:00 |w 2026-02-21 | ||
| 952 | |t č. 14-26 |a SNK |b SNK |y PREZ |7 0 |p 17A0199696 |o snkČB 1433/51/1975/2 |0 0 |1 1 |4 0 |d 1999-06-28 |l 0 |r 2005-01-02 00:00:00 |w 2026-02-21 | ||
| 952 | |t č. 14-26 |a SNK |b SNK |y PREZ |7 0 |p 17A0199741 |o snkČB 1433/68/1992/2 |0 0 |1 1 |4 0 |d 1999-06-24 |l 0 |r 2005-01-02 00:00:00 |w 2026-02-21 | ||
| 952 | |a SNK |b SNK |y PREZ |7 0 |p 17A0360929 |o snkČB 1433/77/2002 |0 0 |1 1 |4 0 |d 2002-10-28 |l 0 |r 2005-01-02 00:00:00 |w 2026-02-21 | ||
| 952 | |t č. 14-26 |a SNK |b SNK |y PREZ |7 0 |p 17A0390439 |o snkČB 1433/78/2002/2 |i snkČZK 1209/2003 |8 4 |0 0 |1 1 |4 0 |d 2003-07-28 |l 0 |r 2005-01-02 00:00:00 |w 2026-02-21 | ||
| 952 | |t č. 1-13 |a SNK |b SNK |y PREZ |7 0 |p 17A0390440 |o snkČB 1433/78/2002/1 |i snkČZK 1208/2003 |8 4 |0 0 |1 1 |4 0 |d 2003-07-28 |l 0 |r 2005-01-02 00:00:00 |w 2026-02-21 | ||
| 952 | |t č. 1-13 |a SNK |b SNK |y PREZ |7 0 |p 17A0199673 |o snkČB 1433/67/1991/1 |0 0 |1 1 |4 0 |d 1999-06-24 |l 0 |r 2005-01-02 00:00:00 |w 2026-02-21 | ||
| 952 | |t č. 1-13 |a SNK |b SNK |y PREZ |7 0 |p 17A0199740 |o snkČB 1433/68/1992/1 |0 0 |1 1 |4 0 |d 1999-06-24 |l 0 |r 2005-01-02 00:00:00 |w 2026-02-21 | ||
| 952 | |t č. 14-26 |a SNK |b SNK |y PREZ |7 0 |p 17A0199742 |o snkČB 1433/67/1991/2 |0 0 |1 1 |4 0 |d 1999-06-24 |l 0 |r 2005-01-02 00:00:00 |w 2026-02-21 | ||
| 952 | |t č. 1-13 |a SNK |b SNK |y PREZ |7 0 |p 17A0199579 |o snkČB 1433/58/1982/1 |0 0 |1 1 |4 0 |d 1999-06-24 |l 0 |r 2005-01-02 00:00:00 |w 2026-02-21 | ||
| 952 | |t č. 14-26 |a SNK |b SNK |y PREZ |7 0 |p 17A0199728 |o snkČB 1433/58/1982/2 |0 0 |1 1 |4 0 |d 1999-06-24 |l 0 |r 2005-01-02 00:00:00 |w 2026-02-21 | ||
| 952 | |t č. 1-13 |a SNK |b SNK |y PREZ |7 0 |p 17A0199573 |o snkČB 1433/59/1981/1 |0 0 |1 1 |4 0 |d 1999-06-24 |l 0 |r 2005-01-02 00:00:00 |w 2026-02-21 | ||
| 952 | |t č. 14-26 |a SNK |b SNK |y PREZ |7 0 |p 17A0199569 |o snkČB 1433/59/1983/2 |0 0 |1 1 |4 0 |d 1999-06-24 |l 0 |r 2005-01-02 00:00:00 |w 2026-02-21 | ||
| 952 | |t č. 14-26 |a SNK |b SNK |y PREZ |7 0 |p 17A0196710 |o snkČB 1433/62/1986/2 |0 0 |1 1 |4 0 |d 1999-06-21 |l 0 |r 2005-01-02 00:00:00 |w 2026-02-21 | ||
| 952 | |t č. 1-13 |a SNK |b SNK |y PREZ |7 0 |p 17A0196703 |o snkČB 1433/62/1986/1 |0 0 |1 1 |4 0 |d 1999-06-21 |l 0 |r 2005-01-02 00:00:00 |w 2026-02-21 | ||
| 952 | |t č. 14-26 |a SNK |b SNK |y PREZ |7 0 |p 17A0196219 |o snkČB 1433/61/1985/2 |i snkČIP 494/86 |0 0 |1 0 |4 0 |d 1999-06-21 |l 0 |r 2005-01-02 00:00:00 |w 2026-02-21 | ||
| 952 | |t č. 1-13 |a SNK |b SNK |y PREZ |7 0 |p 17A0196544 |o snkČB 1433/61/1985/1 |i snkČIP 492/86 |0 0 |1 0 |4 0 |d 1999-06-21 |l 0 |r 2005-01-02 00:00:00 |w 2026-02-21 | ||
| 952 | |t č. 1-26 |a SNK |b SNK |y PREZ |7 0 |p 17A0033729 |o snkČB 1433/1967 |0 0 |1 0 |4 0 |d 1997-01-30 |l 0 |r 2005-01-02 00:00:00 |w 2026-02-21 | ||
| 952 | |t č. 1-6 |a SNK |b SNK |y NEVYP |7 1 |p 17A1340443 |o snkČB 1433/91/2015/1 D1 |i snk2018/22599 |8 0 |0 0 |1 0 |4 0 |d 2018-11-05 |l 0 |r 2026-02-21 21:58:24 |w 2026-02-21 | ||
| 952 | |t č. 7-12 |a SNK |b SNK |y NEVYP |7 1 |p 17A1340444 |o snkČB 1433/91/2015/2 D1 |i snk2018/22600 |8 0 |0 0 |1 0 |4 0 |d 2018-11-05 |l 0 |r 2026-02-21 21:58:24 |w 2026-02-21 | ||
| 952 | |t č. 1-6 |a SNK |b SNK |y NEVYP |7 1 |p 17A1340445 |o snkČB 1433/92/2016/1 |i snk2018/22601 |8 0 |0 0 |1 0 |4 0 |d 2018-11-05 |l 0 |r 2026-02-21 21:58:24 |w 2026-02-21 | ||
| 952 | |t č. 7-12 |a SNK |b SNK |y NEVYP |7 1 |p 17A1340446 |o snkČB 1433/92/2016/2 |i snk2018/22602 |8 0 |0 0 |1 0 |4 0 |d 2018-11-05 |l 0 |r 2026-02-21 21:58:24 |w 2026-02-21 | ||
| 952 | |t č. 1-6 |a SNK |b SNK |y NEVYP |7 1 |p 17A1340447 |o snkČB 1433/93/2017/1 |i snk2018/22603 |8 0 |0 0 |1 0 |4 0 |d 2018-11-05 |l 0 |r 2026-02-21 21:58:24 |w 2026-02-21 | ||
| 952 | |t č. 7-12 |a SNK |b SNK |y NEVYP |7 1 |p 17A1340448 |o snkČB 1433/93/2017/2 |i snk2018/22604 |8 0 |0 0 |1 0 |4 0 |d 2018-11-05 |l 0 |r 2026-02-21 21:58:24 |w 2026-02-21 | ||
| 952 | |t č. 1-6 |a SNK |b SNK |y NEVYP |7 1 |p 17A1388452 |o snkČB 1433/94/2018/1 D1 |i snk2020/10533 |8 0 |0 0 |1 0 |4 0 |d 2020-06-16 |l 0 |r 2026-02-21 22:01:26 |w 2026-02-21 | ||
| 952 | |t č. 7-12 |a SNK |b SNK |y NEVYP |7 1 |p 17A1388453 |o snkČB 1433/94/2018/2 D1 |i snk2020/10535 |8 0 |0 0 |1 0 |4 0 |d 2020-06-16 |l 0 |r 2026-02-21 22:01:26 |w 2026-02-21 | ||
| 952 | |t č. 1-4 |a SNK |b SNK |y NEVYP |7 1 |p 17A1371127 |o snkČB 1433/93/2017/1 D1 |i snk2019/31438 |8 0 |0 0 |1 0 |4 0 |d 2019-12-05 |l 0 |r 2026-02-21 22:15:19 |w 2026-02-21 | ||
| 952 | |t č. 5-8 |a SNK |b SNK |y NEVYP |7 1 |p 17A1371128 |o snkČB 1433/93/2017/2 D1 |i snk2019/31442 |8 0 |0 0 |1 0 |4 0 |d 2019-12-05 |l 0 |r 2026-02-21 22:15:19 |w 2026-02-21 | ||
| 952 | |t č. 9-12 |a SNK |b SNK |y NEVYP |7 1 |p 17A1371129 |o snkČB 1433/93/2017/3 D1 |i snk2019/31444 |8 0 |0 0 |1 0 |4 0 |d 2019-12-05 |l 0 |r 2026-02-21 22:15:19 |w 2026-02-21 | ||
| 952 | |t č. 1-4 |a SNK |b SNK |y NEVYP |7 1 |p 17A1371130 |o snkČB 1433/94/2018/1 |i snk2019/31448 |8 0 |0 0 |1 0 |4 0 |d 2019-12-05 |l 0 |r 2026-02-21 22:15:19 |w 2026-02-21 | ||
| 952 | |t č. 5-8 |a SNK |b SNK |y NEVYP |7 1 |p 17A1371131 |o snkČB 1433/94/2018/2 |i snk2019/31452 |8 0 |0 0 |1 0 |4 0 |d 2019-12-05 |l 0 |r 2026-02-21 22:15:19 |w 2026-02-21 | ||
| 952 | |t č. 9-12 |a SNK |b SNK |y NEVYP |7 1 |p 17A1371132 |o snkČB 1433/94/2018/3 |i snk2019/31458 |8 0 |0 0 |1 0 |4 0 |d 2019-12-05 |l 0 |r 2026-02-21 22:15:19 |w 2026-02-21 | ||
| 952 | |t č. 1-6 |a SNK |b SNK |y PREZ |7 0 |p 17A1099044 |o snkČB 1433/90/2014/1 |i snk2016/12296 |8 4 |0 0 |1 0 |4 0 |d 2016-05-12 |l 0 |r 2026-02-21 22:16:52 |w 2026-02-21 | ||
| 952 | |t č. 7-12 |a SNK |b SNK |y PREZ |7 0 |p 17A1099043 |o snkČB 1433/90/2014/2 |i snk2016/12299 |8 4 |0 0 |1 0 |4 0 |d 2016-05-12 |l 0 |r 2026-02-21 22:16:52 |w 2026-02-21 | ||
| 952 | |t č. 1-6 |a SNK |b SNK |y NEVYP |7 1 |p 17A1343519 |o snkČB 1433/92/2016/1 D1 |i snk2019/3755 |8 0 |0 0 |1 0 |4 0 |d 2019-02-11 |l 0 |r 2026-02-21 22:25:19 |w 2026-02-21 | ||
| 952 | |t č. 1-6 |a SNK |b SNK |y NEVYP |7 1 |p 17A1206854 |o snkČB 1433/91/2015/1 |i snk2017/15765 |8 4 |0 0 |1 0 |4 0 |d 2017-07-07 |l 0 |r 2026-02-21 22:25:27 |w 2026-02-21 | ||
| 952 | |t č. 7-12 |a SNK |b SNK |y NEVYP |7 1 |p 17A1206855 |o snkČB 1433/91/2015/2 |i snk2017/15766 |8 4 |0 0 |1 0 |4 0 |d 2017-07-07 |l 0 |r 2026-02-21 22:25:27 |w 2026-02-21 | ||
| 952 | |t č. 7-12 |a SNK |b SNK |y NEVYP |7 1 |p 17A1343520 |o snkČB 1433/92/2016/2 D1 |i snk2019/3756 |8 0 |0 0 |1 0 |4 0 |d 2019-02-11 |l 0 |r 2026-02-21 22:28:01 |w 2026-02-21 | ||


